| 000 | 01580nam a22003977a 4500 | ||
|---|---|---|---|
| 001 | 0012934 | ||
| 003 | KOHA_MİRAKIL | ||
| 005 | 20260207001903.0 | ||
| 007 | ta | ||
| 008 | 100209b1994 tu |||gr||||#0|||0|tur | | ||
| 020 |
_a9754090246 _c0,01 |
||
| 040 |
_aTR-BiSEU _btur _cTR-BiSEU _erda |
||
| 041 | 0 | _atur | |
| 044 | _ctu | ||
| 050 |
_aDR589 _b.Y35 1994 |
||
| 100 | 1 | _aYalazan, Talat. | |
| 245 | 1 |
_aTürkiye'de Yunan vahşet ve soy kırımı girişimi : _b(15 Mayıs 1919-9 Eylül 1922)/ _cTalat Yalazan ; Talat Yalazan. |
|
| 264 | 1 |
_aAnkara : _bGenelkurmay Askerî Tarih ve Stratejik Etüt Başkanlığı _c1994 |
|
| 300 | _aV.: resimli, harita; 24 cm. | ||
| 336 |
_ametin _btxt _2rdacontent |
||
| 337 |
_aaracısız _bn _2rdamedia |
||
| 338 |
_acilt _bnc _2rdacarrier |
||
| 490 | 0 | _aGenelkurmay Askerî Tarih ve Stratejik Etüt Başkanlığı yayınları | |
| 500 | _a"Genelkurmay Basımevi Yayın numarası: '94/15"--T.p. verso. | ||
| 500 | _aDocuments in Ottoman Turkish and French. | ||
| 500 | _aIncludes bibliographical references. | ||
| 505 | _aI. cilt 15 Mayıs 1919-13 Eylül 1922 --II. cilt 13 Eylül 1921- 9 Eylül 1922. | ||
| 650 | 0 |
_aWorld War, 1914-1918--Campaigns--Turkey. _913544 |
|
| 650 | 0 |
_aWorld War, 1914-1918--Participation, Greek. _930214 |
|
| 650 | 0 |
_aGreeks--Turkey--History. _920312 |
|
| 650 | 0 |
_aTurkey--History Revolution, 1918-1923. _913054 |
|
| 650 | 0 |
_aTurkey--History 1918-1960. _920619 |
|
| 830 | 0 |
_aGenelkurmay Askerî Tarih ve Stratejik Etüt Başkanlığı yayınları _930215 |
|
| 907 | _aTarih | ||
| 942 |
_2lcc _cBK |
||
| 999 |
_c12901 _d12901 |
||